Normal view
MARC view
Entry Topical Term
001 - CONTROL NUMBER
- control field: 20276
003 - CONTROL NUMBER IDENTIFIER
- control field: ARRUPE
005 - DATE AND TIME OF LATEST TRANSACTION
- control field: 20151014121310.0
008 - FIXED-LENGTH DATA ELEMENTS
- fixed length control field: 151014|| aca||aabn | a|a d
040 ## - CATALOGING SOURCE
- Original cataloging agency: ARRUPE
- Transcribing agency: ARRUPE
150 ## - HEADING--TOPICAL TERM
- Topical term or geographic name as entry element: Ethics, Modern
- Chronological subdivision: 20th century.
670 ## - SOURCE DATA FOUND
- Source citation: Work cat.: (ARRUPE)0: Rajchman, John. 20273, Truth and eros :, 1991.